000 04631nkm0a2200625 4500
001 RU\NLR\BIBL_A\022627215
005 20260204000000.0
020 _aRU
_b45-1423 (1945, № 2)
_9Летопись изоизданий / ВКП. - Москва, 1945. - Вып. 1945, № 2. - С. 42
035 _a(NLR Aleph) 022627215
071 5 0 _a89
_d8 коп.
090 _a89046
_c89046
100 _a20250922d1945 u y0rusy50 ca
101 0 _arus
102 _aRU
116 _aiiycxx bi ae
135 _acrcn 024anaba
181 0 _ab4
_bxb2e
182 0 _an
200 1 _aДа здравствует великий советский народ, его Красная армия и Военно-морской флот, с честью отстоявшие Отечество от немецко-фашистских империалистов!
_e[закрытое письмо]
_fхуд. И. Кин
203 _aИзображение
_bнеподвижное
_bдвухмерное
_bвизуальное
_cнепосредственное
210 _a[Москва]
_c"Советский график" Всекохудожника по зак. Моск. к-ры Главбумсбыта
_d[1945]
215 _a1 л. (слож. вдвое)
_cцв. литогр.
_d20х14,8 (9,9х14,8)
300 _aДата публикации установлена по: Летопись изобразительного искусства. 1945. № 2. № 1423
300 _aЦенз. разрешение: А-19362
301 _aИзд. номер: № 89
309 _aДвойной формуляр, без клеевой полосы
316 _aЭкз. РНБ на шифре Э О-ЗП-3/1945-К, Эот100990: 20х14,8 (10х14,8) см
_5NLR: Э О-ЗП-3/1945-К
325 _aКопия доступна в Электрон. б-ке РНБ
327 0 _aФлаг Военно-воздушных сил СССР, советское знамя, военно-морской флаг СССР
606 1 _aПочтовые открытки маркированные художественные
_yСССР
_z1941 - 1945
_2nlr_sh2
_3RU\NLR\AUTH\661531868
606 1 _aФлаги и знамена
_yСССР
_jОткрытки
_2nlr_sh1
_3RU\NLR\AUTH\661204165
610 1 _aЗакрытые письма
686 1 _aЩ153(2)7-489
700 1 _aКин
_bИ.
_4040
712 0 1 _aСССР
_bВоенно-морской флот
_3RU\NLR\AUTH\8810144476
_4570
712 0 1 _aСССР
_bГлавное управление по сбыту продукции целлюлозно-бумажной промышленности
_bМосковская контора
_3RU\NLR\AUTH\880618212
_4570
712 0 2 _aРабоче-Крестьянская Красная армия
_c1918-1946
_3RU\NLR\AUTH\8810133633
_4570
712 0 2 _a"Советский график", всероссийское товарищество художников-графиков
_3RU\NLR\AUTH\880618204
_4650
830 _aКин И.: http://painters.artunion.ru/2-11-2.htm (05.11.2024) - нет. Возможно, одно лицо с художником: Янис Кинс (1909-1969): https://www.antonia.lv/ru/aukcion/61/lot-210-janis-kins-1909-1969; Кинс Янис Юрьевич: https://www.rgali.ru/person/609915; Кин (Кинс) Янис Юрьевич / 21.01.1969 /: http://painters.artunion.ru/2-11-2.htm (05.11.2024). Кин Ян Юрьевич: Выставки советского изобразительного искусства. Москва : Советский художник, 1978. Т. 3. С. 458. ЭК РНБ: Кин, Ян Юрьевич. АЯ ОЭФ
830 _a"Jānis Kīns Roles: artist, graphic artist, illustrator 03.07.1909 – 21.01.1969": https://www.literatura.lv/en/persons/janis-kins (05.11.2024). АЯ ОЭФ
830 _aТехника печати - см. Летопись изоизданий. АЯ ОЭФ
852 0 0 _aNLR
_bЭ
_jО-ЗП-3/1945-К
_mЭот100989
852 0 0 _aNLR
_bЭ
_jО-ЗП-3/1945-К
_mЭот100990
856 0 _uhttps://vivaldi.nlr.ru/lo500003972/view
856 1 _uhttps://vivaldi.nlr.ru/lo500003972/cover
856 2 _uhttps://vivaldi.nlr.ru/lo500003972/text
942 _cVISUAL
945 _aРоссийская национальная библиотека
980 _aNB
980 _aBV
981 1 7 _a(17) Изографические материалы
_b(17) Открытки